[Event "DEM U14 2017"]
[Site "Willingen GER"]
[Date "2017.06.06"]
[Round "4"]
[White "Zimmer, Raphael"]
[Black "Kopylov, Daniel"]
[Result "0-1"]
[Termination "normal"]
[Board "1"]
[WhiteElo "2065"]
[BlackElo "2138"]
[WhiteClock "00:03:35"]
[BlackClock "00:12:27"]
[PlyCount "120"]
[WhiteFideId "12978841"]
[BlackFideId "12921971"]
[EventCountry "GER"]
[EventRounds "9"]
[EventType "swiss"]
[EventDate "2017.06.03"]

1. e4 {[%clk 1:30:58]} 1... e6 {[%clk 1:30:33]} 2. Nf3 {[%clk 1:31:02]} 2... d5
{[%clk 1:30:35]} 3. exd5 {[%clk 1:31:07]} 3... exd5 {[%clk 1:30:54]} 4. d4 {
[%clk 1:30:54]} 4... Nc6 {[%clk 1:30:59]} 5. h3 {[%clk 1:29:31]} 5... Nf6 {
[%clk 1:29:07]} 6. Bg5 {[%clk 1:24:44]} 6... h6 {[%clk 1:24:54]} 7. Bf4 { [%clk
1:17:47]} 7... Bf5 {[%clk 1:24:07]} 8. Bd3 {[%clk 1:13:57]} 8... Bxd3 { [%clk
1:22:48]} 9. Qxd3 {[%clk 1:14:07]} 9... Bd6 {[%clk 1:23:08]} 10. Be5 { [%clk
1:11:52]} 10... Bxe5 {[%clk 1:19:34]} 11. dxe5 {[%clk 1:11:04]} 11... Ne4
{[%clk 1:12:34]} 12. O-O {[%clk 1:03:21]} 12... O-O {[%clk 1:11:44]} 13. c4 {
[%clk 1:02:25]} 13... Ng5 {[%clk 0:59:30]} 14. Nxg5 {[%clk 0:52:22]} 14... hxg5
{[%clk 0:59:52]} 15. cxd5 {[%clk 0:50:58]} 15... Nxe5 {[%clk 1:00:09]} 16. Qb3
{[%clk 0:47:57]} 16... Qd6 {[%clk 0:55:37]} 17. Nc3 {[%clk 0:46:53]} 17... g4 {
[%clk 0:50:49]} 18. Ne4 {[%clk 0:43:30]} 18... Qg6 {[%clk 0:50:41]} 19. Rfe1 {
[%clk 0:42:59]} 19... Rae8 {[%clk 0:44:20]} 20. hxg4 {[%clk 0:15:27]} 20...
Nxg4 {[%clk 0:44:07]} 21. Ng3 {[%clk 0:15:18]} 21... Qf6 {[%clk 0:25:10]} 22.
Qc2 {[%clk 0:13:40]} 22... Qh4 {[%clk 0:21:46]} 23. Qc3 {[%clk 0:10:50]} 23...
Qf6 {[%clk 0:20:32]} 24. Qd2 {[%clk 0:09:41]} 24... Rd8 {[%clk 0:19:58]} 25.
Re4 {[%clk 0:07:48]} 25... Rxd5 {[%clk 0:16:28]} 26. Qc2 {[%clk 0:06:15]} 26...
Qg6 {[%clk 0:13:50]} 27. Rae1 {[%clk 0:04:53]} 27... Nf6 {[%clk 0:10:55]} 28.
Rc4 {[%clk 0:02:26]} 28... Qxc2 {[%clk 0:10:58]} 29. Rxc2 {[%clk 0:02:51]}
29... Rd7 {[%clk 0:11:19]} 30. f3 {[%clk 0:02:47]} 30... Rfd8 {[%clk 0:11:26]}
31. Kh2 {[%clk 0:02:32]} 31... g6 {[%clk 0:11:23]} 32. Ree2 {[%clk 0:02:03]}
32... c6 {[%clk 0:11:41]} 33. Nf1 {[%clk 0:02:09]} 33... Nd5 {[%clk 0:11:51]}
34. a3 {[%clk 0:02:03]} 34... Kg7 {[%clk 0:11:15]} 35. g3 {[%clk 0:01:57]}
35... Kf6 {[%clk 0:11:15]} 36. Nd2 {[%clk 0:01:54]} 36... Kg7 {[%clk 0:09:27]}
37. Ne4 {[%clk 0:02:01]} 37... Re7 {[%clk 0:09:43]} 38. g4 {[%clk 0:00:38]}
38... Rde8 {[%clk 0:09:41]} 39. Rcd2 {[%clk 0:00:37]} 39... Nf6 {[%clk 0:07:41]
} 40. Rf2 {[%clk 0:00:32]} 40... Rxe4 {[%clk 0:06:03]} 41. fxe4 {[%clk 0:00:57]
} 41... Nxg4+ {[%clk 0:06:28]} 42. Kg3 {[%clk 0:01:16]} 42... Nxf2 { [%clk
0:06:52]} 43. Kxf2 {[%clk 0:01:40]} 43... Rxe4 {[%clk 0:07:04]} 44. Rd7 { [%clk
0:01:55]} 44... b5 {[%clk 0:07:25]} 45. Rxa7 {[%clk 0:01:07]} 45... Rc4 { [%clk
0:07:42]} 46. Rc7 {[%clk 0:00:43]} 46... Rc2+ {[%clk 0:08:03]} 47. Kf1 { [%clk
0:00:53]} 47... Rxb2 {[%clk 0:08:22]} 48. Rxc6 {[%clk 0:01:17]} 48... g5 {[%clk
0:08:42]} 49. Rb6 {[%clk 0:01:02]} 49... Rb3 {[%clk 0:08:54]} 50. Kg2 { [%clk
0:01:14]} 50... f6 {[%clk 0:09:17]} 51. Ra6 {[%clk 0:01:08]} 51... Kg6 { [%clk
0:09:29]} 52. a4 {[%clk 0:01:32]} 52... bxa4 {[%clk 0:09:43]} 53. Rxa4 { [%clk
0:01:55]} 53... f5 {[%clk 0:10:02]} 54. Ra5 {[%clk 0:01:54]} 54... f4 { [%clk
0:10:15]} 55. Kf2 {[%clk 0:02:07]} 55... Kh5 {[%clk 0:10:34]} 56. Kg2 { [%clk
0:02:30]} 56... Kg4 {[%clk 0:11:00]} 57. Ra4 {[%clk 0:02:47]} 57... Rb2+ {[%clk
0:11:23]} 58. Kf1 {[%clk 0:03:01]} 58... Kg3 {[%clk 0:11:45]} 59. Ra5 { [%clk
0:03:18]} 59... g4 {[%clk 0:12:03]} 60. Ra3+ {[%clk 0:03:35]} 60... f3 { [%clk
0:12:27]} 0-1

[Event "DEM U14 2017"]
[Site "Willingen GER"]
[Date "2017.06.06"]
[Round "4"]
[White "Dobrikov, Marco"]
[Black "Svane, Frederik"]
[Result "0-1"]
[Termination "normal"]
[Board "2"]
[WhiteElo "2012"]
[BlackElo "2204"]
[WhiteClock "01:05:22"]
[BlackClock "00:11:33"]
[PlyCount "106"]
[WhiteFideId "12950378"]
[BlackFideId "12923044"]
[EventCountry "GER"]
[EventRounds "9"]
[EventType "swiss"]
[EventDate "2017.06.03"]

1. e4 {[%clk 1:30:57]} 1... c5 {[%clk 1:30:59]} 2. Nf3 {[%clk 1:31:21]} 2... e6
{[%clk 1:31:27]} 3. d4 {[%clk 1:31:44]} 3... cxd4 {[%clk 1:31:55]} 4. Nxd4 {
[%clk 1:32:07]} 4... a6 {[%clk 1:32:24]} 5. Bd3 {[%clk 1:32:23]} 5... Qc7 {
[%clk 1:32:17]} 6. O-O {[%clk 1:32:00]} 6... Nf6 {[%clk 1:32:36]} 7. Qe2 {
[%clk 1:32:08]} 7... d6 {[%clk 1:32:49]} 8. c4 {[%clk 1:32:10]} 8... Be7 {
[%clk 1:33:06]} 9. Nc3 {[%clk 1:32:02]} 9... Nbd7 {[%clk 1:33:15]} 10. Be3 {
[%clk 1:29:04]} 10... Ne5 {[%clk 1:32:32]} 11. f3 {[%clk 1:28:25]} 11... O-O {
[%clk 1:31:33]} 12. Rac1 {[%clk 1:27:48]} 12... Nxd3 {[%clk 1:31:13]} 13. Qxd3
{[%clk 1:28:08]} 13... b6 {[%clk 1:31:21]} 14. Rfd1 {[%clk 1:27:49]} 14... Bb7
{[%clk 1:31:22]} 15. Qe2 {[%clk 1:26:32]} 15... Rac8 {[%clk 1:28:42]} 16. b3 {
[%clk 1:25:45]} 16... Qb8 {[%clk 1:27:54]} 17. Qf2 {[%clk 1:25:23]} 17... Bd8 {
[%clk 1:27:46]} 18. Nde2 {[%clk 1:23:26]} 18... Nd7 {[%clk 1:23:35]} 19. Qg3 {
[%clk 1:20:00]} 19... Ne5 {[%clk 1:23:50]} 20. Nf4 {[%clk 1:17:02]} 20... Bc7 {
[%clk 1:17:17]} 21. Nh5 {[%clk 1:07:23]} 21... Ng6 {[%clk 1:17:37]} 22. Bf4 {
[%clk 1:06:29]} 22... Rcd8 {[%clk 1:05:21]} 23. Bg5 {[%clk 0:57:37]} 23... f6 {
[%clk 0:52:03]} 24. Be3 {[%clk 0:56:25]} 24... d5 {[%clk 0:49:55]} 25. Qh3 {
[%clk 0:56:42]} 25... Bc8 {[%clk 0:50:22]} 26. cxd5 {[%clk 0:55:02]} 26... exd5
{[%clk 0:50:44]} 27. g4 {[%clk 0:55:25]} 27... dxe4 {[%clk 0:50:55]} 28. Nxe4 {
[%clk 0:55:42]} 28... Bb7 {[%clk 0:51:13]} 29. g5 {[%clk 0:51:10]} 29... Rxd1+
{[%clk 0:18:58]} 30. Rxd1 {[%clk 0:51:36]} 30... Bc8 {[%clk 0:19:23]} 31. Qg2 {
[%clk 0:50:18]} 31... f5 {[%clk 0:17:50]} 32. Nc3 {[%clk 0:49:37]} 32... Bb7 {
[%clk 0:10:18]} 33. Qf2 {[%clk 0:47:03]} 33... Ne5 {[%clk 0:08:32]} 34. Nd5 {
[%clk 0:45:50]} 34... Rd8 {[%clk 0:06:49]} 35. Nhf4 {[%clk 0:44:53]} 35... Ng6
{[%clk 0:01:47]} 36. Nxg6 {[%clk 0:45:05]} 36... hxg6 {[%clk 0:02:11]} 37. Nc3
{[%clk 0:45:21]} 37... Rxd1+ {[%clk 0:02:35]} 38. Nxd1 {[%clk 0:45:49]} 38...
Qd8 {[%clk 0:03:00]} 39. Nc3 {[%clk 0:40:05]} 39... f4 {[%clk 0:01:29]} 40. Bd4
{[%clk 0:39:52]} 40... Qxg5+ {[%clk 0:01:53]} 41. Kf1 {[%clk 0:40:11]} 41...
Qf5 {[%clk 0:00:31]} 42. Na4 {[%clk 0:36:02]} 42... Qd3+ {[%clk 0:29:47]} 43.
Kg2 {[%clk 1:06:23]} 43... Bxf3+ {[%clk 0:22:58]} 44. Qxf3 {[%clk 1:06:49]}
44... Qxd4 {[%clk 0:23:17]} 45. Qc6 {[%clk 1:05:45]} 45... Qd2+ {[%clk 0:22:09]
} 46. Kf1 {[%clk 1:05:21]} 46... Qd3+ {[%clk 0:22:15]} 47. Kg2 {[%clk 1:05:39]}
47... Qe2+ {[%clk 0:22:34]} 48. Kh3 {[%clk 1:05:40]} 48... f3 {[%clk 0:16:22]}
49. Qc4+ {[%clk 1:04:05]} 49... Kh7 {[%clk 0:10:43]} 50. Qh4+ {[%clk 1:04:25]}
50... Kg8 {[%clk 0:11:10]} 51. Qc4+ {[%clk 1:04:50]} 51... Qxc4 {[%clk 0:10:45]
} 52. bxc4 {[%clk 1:05:19]} 52... g5 {[%clk 0:11:06]} 53. Nc3 {[%clk 1:05:22]}
53... g4+ {[%clk 0:11:33]} 0-1

[Event "DEM U14 2017"]
[Site "Willingen GER"]
[Date "2017.06.06"]
[Round "4"]
[White "Trifan, Andrei Ioan"]
[Black "Pajeken, Jakob Leon"]
[Result "0-1"]
[Termination "normal"]
[Board "3"]
[WhiteElo "2176"]
[BlackElo "2120"]
[WhiteClock "00:01:32"]
[BlackClock "00:32:53"]
[PlyCount "128"]
[WhiteFideId "12967068"]
[BlackFideId "12942839"]
[EventCountry "GER"]
[EventRounds "9"]
[EventType "swiss"]
[EventDate "2017.06.03"]

1. e4 {[%clk 1:30:55]} 1... e5 {[%clk 1:30:36]} 2. Nf3 {[%clk 1:31:05]} 2...
Nc6 {[%clk 1:30:47]} 3. Bb5 {[%clk 1:31:14]} 3... a6 {[%clk 1:31:06]} 4. Bxc6 {
[%clk 1:31:18]} 4... dxc6 {[%clk 1:31:26]} 5. O-O {[%clk 1:31:22]} 5... Qf6 {
[%clk 1:31:26]} 6. d4 {[%clk 1:31:23]} 6... exd4 {[%clk 1:31:25]} 7. Bg5 {
[%clk 1:31:09]} 7... Qd6 {[%clk 1:31:39]} 8. Nxd4 {[%clk 1:30:52]} 8... Bd7 {
[%clk 1:30:52]} 9. Nc3 {[%clk 1:30:04]} 9... Ne7 {[%clk 1:28:37]} 10. Be3 {
[%clk 1:28:18]} 10... O-O-O {[%clk 1:21:53]} 11. f4 {[%clk 1:17:45]} 11... c5 {
[%clk 1:20:45]} 12. Nb3 {[%clk 1:15:40]} 12... Qxd1 {[%clk 1:20:05]} 13. Rfxd1
{[%clk 1:15:40]} 13... b6 {[%clk 1:20:03]} 14. a4 {[%clk 1:15:00]} 14... a5 {
[%clk 1:19:09]} 15. Nb5 {[%clk 1:13:27]} 15... g6 {[%clk 1:13:04]} 16. Rd2 {
[%clk 1:09:43]} 16... Bxb5 {[%clk 1:07:50]} 17. Rxd8+ {[%clk 1:09:40]} 17...
Kxd8 {[%clk 1:08:14]} 18. axb5 {[%clk 1:10:04]} 18... Bg7 {[%clk 1:07:24]} 19.
c3 {[%clk 1:05:34]} 19... Re8 {[%clk 1:04:05]} 20. Kf2 {[%clk 1:02:34]} 20...
Kc8 {[%clk 1:00:55]} 21. Nd2 {[%clk 0:59:31]} 21... Kb7 {[%clk 0:59:16]} 22.
Nc4 {[%clk 0:58:09]} 22... Nc8 {[%clk 0:56:50]} 23. e5 {[%clk 0:52:06]} 23...
Rd8 {[%clk 0:52:18]} 24. Kf3 {[%clk 0:48:14]} 24... Na7 {[%clk 0:48:45]} 25.
Na3 {[%clk 0:46:50]} 25... c6 {[%clk 0:43:10]} 26. bxc6+ {[%clk 0:44:09]} 26...
Kxc6 {[%clk 0:43:06]} 27. Nc4 {[%clk 0:43:19]} 27... Nc8 {[%clk 0:42:38]} 28.
g4 {[%clk 0:41:19]} 28... Ne7 {[%clk 0:38:23]} 29. Nd6 {[%clk 0:37:27]} 29...
f6 {[%clk 0:36:10]} 30. Ke4 {[%clk 0:30:34]} 30... Nd5 {[%clk 0:32:33]} 31. Re1
{[%clk 0:20:53]} 31... Rd7 {[%clk 0:29:19]} 32. Nc4 {[%clk 0:16:04]} 32... Re7
{[%clk 0:25:30]} 33. Bc1 {[%clk 0:15:11]} 33... a4 {[%clk 0:17:21]} 34. Rd1 {
[%clk 0:11:47]} 34... a3 {[%clk 0:15:29]} 35. Nxa3 {[%clk 0:09:06]} 35... fxe5
{[%clk 0:15:19]} 36. f5 {[%clk 0:08:41]} 36... Nf6+ {[%clk 0:15:07]} 37. Kf3 {
[%clk 0:08:50]} 37... gxf5 {[%clk 0:15:06]} 38. gxf5 {[%clk 0:09:16]} 38... e4+
{[%clk 0:15:16]} 39. Ke2 {[%clk 0:08:51]} 39... Nd5 {[%clk 0:13:18]} 40. Nc4 {
[%clk 0:04:51]} 40... Ra7 {[%clk 0:08:25]} 41. Bg5 {[%clk 0:27:48]} 41... h6 {
[%clk 0:37:31]} 42. Be3 {[%clk 0:26:09]} 42... Ra2 {[%clk 0:35:48]} 43. Bd2 {
[%clk 0:15:04]} 43... b5 {[%clk 0:34:39]} 44. Na5+ {[%clk 0:13:58]} 44... Rxa5
{[%clk 0:33:27]} 45. c4 {[%clk 0:13:51]} 45... Nb4 {[%clk 0:33:45]} 46. Rg1 {
[%clk 0:13:54]} 46... Bxb2 {[%clk 0:33:26]} 47. Rg6+ {[%clk 0:13:19]} 47... Kd7
{[%clk 0:33:16]} 48. cxb5 {[%clk 0:11:25]} 48... Rxb5 {[%clk 0:32:49]} 49. Rxh6
{[%clk 0:10:19]} 49... c4 {[%clk 0:32:10]} 50. Rh4 {[%clk 0:07:19]} 50... c3 {
[%clk 0:31:15]} 51. Rxe4 {[%clk 0:06:26]} 51... cxd2 {[%clk 0:31:09]} 52. Kxd2
{[%clk 0:06:27]} 52... Nc6 {[%clk 0:31:20]} 53. Rf4 {[%clk 0:06:21]} 53... Bf6
{[%clk 0:31:37]} 54. Rf3 {[%clk 0:05:49]} 54... Rb2+ {[%clk 0:31:39]} 55. Kc1 {
[%clk 0:05:42]} 55... Rxh2 {[%clk 0:31:57]} 56. Rd3+ {[%clk 0:05:59]} 56... Nd4
{[%clk 0:32:14]} 57. Ra3 {[%clk 0:05:37]} 57... Bg5+ {[%clk 0:32:16]} 58. Kb1 {
[%clk 0:05:49]} 58... Nb5 {[%clk 0:32:26]} 59. Ra8 {[%clk 0:04:53]} 59... Kc6 {
[%clk 0:31:26]} 60. f6 {[%clk 0:04:03]} 60... Nc3+ {[%clk 0:31:42]} 61. Ka1 {
[%clk 0:04:23]} 61... Bxf6 {[%clk 0:32:07]} 62. Ra6+ {[%clk 0:01:28]} 62... Kc5
{[%clk 0:32:24]} 63. Rc6+ {[%clk 0:01:44]} 63... Kd4 {[%clk 0:32:37]} 64. Rc4+
{[%clk 0:01:32]} 64... Ke3 {[%clk 0:32:53]} 0-1

[Event "DEM U14 2017"]
[Site "Willingen GER"]
[Date "2017.06.06"]
[Round "4"]
[White "Bosselmann, Tom Linus"]
[Black "Köllner, Ruben Gideon"]
[Result "1/2-1/2"]
[Termination "normal"]
[Board "4"]
[WhiteElo "1930"]
[BlackElo "2104"]
[WhiteClock "00:28:11"]
[BlackClock "00:09:03"]
[PlyCount "94"]
[WhiteFideId "12983845"]
[BlackFideId "12993093"]
[EventCountry "GER"]
[EventRounds "9"]
[EventType "swiss"]
[EventDate "2017.06.03"]

1. e4 {[%clk 1:30:53]} 1... c5 {[%clk 1:30:57]} 2. Nf3 {[%clk 1:30:54]} 2...
Nf6 {[%clk 1:31:23]} 3. e5 {[%clk 1:30:23]} 3... Nd5 {[%clk 1:31:44]} 4. c3 {
[%clk 1:29:52]} 4... e6 {[%clk 1:22:51]} 5. d4 {[%clk 1:27:17]} 5... cxd4 {
[%clk 1:20:02]} 6. cxd4 {[%clk 1:26:37]} 6... Nc6 {[%clk 1:18:31]} 7. Bc4 {
[%clk 1:23:15]} 7... Nb6 {[%clk 1:14:43]} 8. Bb3 {[%clk 1:22:07]} 8... d6 {
[%clk 1:12:39]} 9. Bg5 {[%clk 1:17:37]} 9... Be7 {[%clk 1:06:00]} 10. Bxe7 {
[%clk 1:16:17]} 10... Nxe7 {[%clk 1:03:21]} 11. Nc3 {[%clk 1:14:41]} 11... dxe5
{[%clk 1:00:24]} 12. dxe5 {[%clk 1:02:01]} 12... Qxd1+ {[%clk 1:00:37]} 13.
Rxd1 {[%clk 1:02:08]} 13... Bd7 {[%clk 0:59:33]} 14. Ne4 {[%clk 1:01:50]} 14...
O-O {[%clk 0:59:04]} 15. O-O {[%clk 0:55:18]} 15... Bc6 {[%clk 0:58:31]} 16.
Nd6 {[%clk 0:53:32]} 16... Nec8 {[%clk 0:46:49]} 17. Nxc8 {[%clk 0:43:10]}
17... Raxc8 {[%clk 0:46:57]} 18. Nd4 {[%clk 0:42:09]} 18... Bd5 {[%clk 0:44:27]
} 19. Rc1 {[%clk 0:34:13]} 19... a6 {[%clk 0:42:52]} 20. Rfd1 {[%clk 0:31:25]}
20... g6 {[%clk 0:39:25]} 21. h3 {[%clk 0:25:30]} 21... Rfd8 {[%clk 0:38:39]}
22. Bxd5 {[%clk 0:20:39]} 22... Rxd5 {[%clk 0:31:27]} 23. Rxc8+ {[%clk 0:19:24]
} 23... Nxc8 {[%clk 0:30:30]} 24. Rc1 {[%clk 0:19:50]} 24... Na7 { [%clk
0:30:34]} 25. Nf3 {[%clk 0:18:55]} 25... Nc6 {[%clk 0:30:54]} 26. Re1 { [%clk
0:18:24]} 26... Kf8 {[%clk 0:27:31]} 27. Re2 {[%clk 0:18:10]} 27... Ke7 { [%clk
0:25:33]} 28. Kh2 {[%clk 0:18:23]} 28... h6 {[%clk 0:21:50]} 29. Kg3 { [%clk
0:17:52]} 29... Kd7 {[%clk 0:20:09]} 30. a3 {[%clk 0:16:53]} 30... b5 { [%clk
0:16:10]} 31. Kf4 {[%clk 0:16:45]} 31... b4 {[%clk 0:14:29]} 32. Rd2 { [%clk
0:16:19]} 32... bxa3 {[%clk 0:10:31]} 33. bxa3 {[%clk 0:15:26]} 33... Ke7
{[%clk 0:08:26]} 34. Rxd5 {[%clk 0:14:16]} 34... exd5 {[%clk 0:08:50]} 35. Ke3
{[%clk 0:14:16]} 35... Kd7 {[%clk 0:06:04]} 36. Kd3 {[%clk 0:10:30]} 36... Ke7
{[%clk 0:05:24]} 37. Ke3 {[%clk 0:10:47]} 37... Kd7 {[%clk 0:05:50]} 38. Kd3 {
[%clk 0:11:12]} 38... Kc7 {[%clk 0:04:35]} 39. Kc3 {[%clk 0:11:28]} 39... Kb6 {
[%clk 0:04:11]} 40. Nd2 {[%clk 0:10:46]} 40... Kb5 {[%clk 0:00:51]} 41. f4 {
[%clk 0:09:54]} 41... Nd8 {[%clk 0:17:52]} 42. g4 {[%clk 0:31:13]} 42... Ne6 {
[%clk 0:12:29]} 43. f5 {[%clk 0:31:09]} 43... gxf5 {[%clk 0:12:54]} 44. gxf5 {
[%clk 0:31:34]} 44... Ng7 {[%clk 0:12:50]} 45. e6 {[%clk 0:30:28]} 45... f6 {
[%clk 0:13:04]} 46. Nf3 {[%clk 0:29:42]} 46... Kc5 {[%clk 0:09:54]} 47. Nd4 {
[%clk 0:28:11]} 47... Ne8 {[%clk 0:09:03]} 1/2-1/2

[Event "DEM U14 2017"]
[Site "Willingen GER"]
[Date "2017.06.06"]
[Round "4"]
[White "Post, Hugo"]
[Black "Tong, Kevin"]
[Result "0-1"]
[Termination "normal"]
[Board "5"]
[WhiteElo "2019"]
[BlackElo "2143"]
[WhiteClock "00:34:52"]
[BlackClock "00:13:11"]
[PlyCount "46"]
[WhiteFideId "12962490"]
[BlackFideId "12913944"]
[EventCountry "GER"]
[EventRounds "9"]
[EventType "swiss"]
[EventDate "2017.06.03"]

1. e4 {[%clk 1:30:59]} 1... e5 {[%clk 1:30:32]} 2. Nf3 {[%clk 1:31:16]} 2...
Nc6 {[%clk 1:30:24]} 3. Bc4 {[%clk 1:31:31]} 3... Nf6 {[%clk 1:29:51]} 4. d3 {
[%clk 1:30:44]} 4... Be7 {[%clk 1:29:20]} 5. c3 {[%clk 1:26:59]} 5... O-O {
[%clk 1:27:55]} 6. O-O {[%clk 1:25:52]} 6... d5 {[%clk 1:24:28]} 7. exd5 {
[%clk 1:22:10]} 7... Nxd5 {[%clk 1:22:56]} 8. Nbd2 {[%clk 1:20:39]} 8... Nb6 {
[%clk 1:10:44]} 9. Bb5 {[%clk 1:18:56]} 9... f6 {[%clk 1:09:18]} 10. Nc4 {
[%clk 1:18:34]} 10... Bg4 {[%clk 1:05:40]} 11. Nxb6 {[%clk 1:15:39]} 11... axb6
{[%clk 1:03:54]} 12. Qe2 {[%clk 1:08:14]} 12... Kh8 {[%clk 0:54:11]} 13. Re1 {
[%clk 1:05:30]} 13... Bd6 {[%clk 0:47:06]} 14. Be3 {[%clk 1:03:49]} 14... f5 {
[%clk 0:40:07]} 15. Bd2 {[%clk 0:52:31]} 15... Qf6 {[%clk 0:36:34]} 16. Bxc6 {
[%clk 0:38:40]} 16... bxc6 {[%clk 0:36:11]} 17. c4 {[%clk 0:38:17]} 17... e4 {
[%clk 0:26:07]} 18. dxe4 {[%clk 0:37:39]} 18... fxe4 {[%clk 0:24:10]} 19. Qxe4
{[%clk 0:36:57]} 19... Bxf3 {[%clk 0:23:38]} 20. gxf3 {[%clk 0:36:43]} 20...
Qxb2 {[%clk 0:22:00]} 21. Bg5 {[%clk 0:35:41]} 21... Rxa2 {[%clk 0:13:15]} 22.
Rxa2 {[%clk 0:35:49]} 22... Qxa2 {[%clk 0:13:35]} 23. Qxc6 {[%clk 0:34:52]}
23... Qa5 {[%clk 0:13:11]} 0-1

[Event "DEM U14 2017"]
[Site "Willingen GER"]
[Date "2017.06.06"]
[Round "4"]
[White "Suvorov, Luca"]
[Black "Mühlpfordt, Thomas"]
[Result "1/2-1/2"]
[Termination "normal"]
[Board "6"]
[WhiteElo "2121"]
[BlackElo "1813"]
[WhiteClock "00:01:52"]
[BlackClock "00:18:58"]
[PlyCount "81"]
[WhiteFideId "12977071"]
[BlackFideId "12986623"]
[EventCountry "GER"]
[EventRounds "9"]
[EventType "swiss"]
[EventDate "2017.06.03"]

1. d4 {[%clk 1:30:58]} 1... d5 {[%clk 1:30:56]} 2. c4 {[%clk 1:31:24]} 2... c6
{[%clk 1:31:21]} 3. Nf3 {[%clk 1:31:48]} 3... Nf6 {[%clk 1:31:45]} 4. e3 {
[%clk 1:32:13]} 4... e6 {[%clk 1:32:06]} 5. b3 {[%clk 1:32:38]} 5... c5 { [%clk
1:32:16]} 6. cxd5 {[%clk 1:31:21]} 6... Nxd5 {[%clk 1:32:32]} 7. Bb2 { [%clk
1:17:05]} 7... cxd4 {[%clk 1:32:42]} 8. Bb5+ {[%clk 1:09:58]} 8... Bd7 { [%clk
1:30:30]} 9. Bxd7+ {[%clk 1:10:21]} 9... Nxd7 {[%clk 1:29:17]} 10. Nxd4 { [%clk
0:58:41]} 10... Bb4+ {[%clk 1:27:13]} 11. Nd2 {[%clk 0:58:07]} 11... O-O {[%clk
1:25:52]} 12. O-O {[%clk 0:56:46]} 12... Bc3 {[%clk 1:19:58]} 13. Bxc3 { [%clk
0:53:36]} 13... Nxc3 {[%clk 1:20:18]} 14. Qf3 {[%clk 0:53:50]} 14... Nd5 {[%clk
1:18:37]} 15. Rfd1 {[%clk 0:44:52]} 15... Rc8 {[%clk 1:11:55]} 16. Nc4 { [%clk
0:36:42]} 16... Qe7 {[%clk 1:06:57]} 17. Rd2 {[%clk 0:20:09]} 17... Rfd8 {[%clk
1:02:40]} 18. Rad1 {[%clk 0:17:04]} 18... N7b6 {[%clk 0:58:38]} 19. Nxb6 {[%clk
0:05:30]} 19... Nxb6 {[%clk 0:57:49]} 20. g3 {[%clk 0:04:58]} 20... h6 { [%clk
0:55:02]} 21. Kg2 {[%clk 0:03:02]} 21... Nd5 {[%clk 0:51:21]} 22. Nf5 { [%clk
0:02:17]} 22... exf5 {[%clk 0:44:46]} 23. Rxd5 {[%clk 0:02:31]} 23... Rxd5
{[%clk 0:44:36]} 24. Qxd5 {[%clk 0:01:52]} 24... Qe4+ {[%clk 0:41:14]} 25. Qxe4
{[%clk 0:02:00]} 25... fxe4 {[%clk 0:41:38]} 26. Rd7 {[%clk 0:02:19]} 26... Rb8
{[%clk 0:39:37]} 27. g4 {[%clk 0:01:03]} 27... Kf8 {[%clk 0:37:08]} 28. b4
{[%clk 0:00:57]} 28... a6 {[%clk 0:33:42]} 29. a4 {[%clk 0:01:08]} 29... b5
{[%clk 0:29:31]} 30. a5 {[%clk 0:01:11]} 30... Rc8 {[%clk 0:28:06]} 31. Rd6
{[%clk 0:01:35]} 31... Rc4 {[%clk 0:26:57]} 32. Rxa6 {[%clk 0:02:00]} 32...
Rxb4 33. Rb6 {[%clk 0:02:19]} 33... Rb1 {[%clk 0:26:00]} 34. Rb7 { [%clk
0:02:19]} 34... g5 {[%clk 0:25:08]} 35. h4 {[%clk 0:00:56]} 35... Kg7 { [%clk
0:23:13]} 36. hxg5 {[%clk 0:01:21]} 36... hxg5 {[%clk 0:23:36]} 37. a6 { [%clk
0:01:27]} 37... Kg6 {[%clk 0:21:49]} 38. Re7 {[%clk 0:00:40]} 38... Ra1 { [%clk
0:21:10]} 39. a7 {[%clk 0:01:04]} 39... Kf6 {[%clk 0:20:02]} 40. Rb7 { [%clk
0:01:30]} 40... Kg6 {[%clk 0:18:58]} 41. Rxb5 {[%clk 0:01:52]} 1/2-1/2

[Event "DEM U14 2017"]
[Site "Willingen GER"]
[Date "2017.06.06"]
[Round "4"]
[White "Dahl, Christoph"]
[Black "Wachinger, Nikolas"]
[Result "0-1"]
[Termination "normal"]
[Board "7"]
[WhiteElo "1801"]
[BlackElo "2055"]
[WhiteClock "01:11:14"]
[BlackClock "01:09:59"]
[PlyCount "48"]
[WhiteFideId "16240235"]
[BlackFideId "12962791"]
[EventCountry "GER"]
[EventRounds "9"]
[EventType "swiss"]
[EventDate "2017.06.03"]

1. e4 {[%clk 1:30:53]} 1... e5 {[%clk 1:30:51]} 2. Nf3 {[%clk 1:31:09]} 2...
Nc6 {[%clk 1:31:12]} 3. Nc3 {[%clk 1:31:12]} 3... Nf6 {[%clk 1:31:21]} 4. d4 {
[%clk 1:30:26]} 4... exd4 {[%clk 1:31:39]} 5. Nxd4 {[%clk 1:30:21]} 5... Bb4 {
[%clk 1:32:01]} 6. Nxc6 {[%clk 1:29:29]} 6... bxc6 {[%clk 1:27:34]} 7. Bd3 {
[%clk 1:29:31]} 7... d5 {[%clk 1:27:42]} 8. exd5 {[%clk 1:28:28]} 8... O-O {
[%clk 1:27:57]} 9. dxc6 {[%clk 1:26:54]} 9... Bg4 {[%clk 1:27:04]} 10. Be2 {
[%clk 1:26:41]} 10... Qe7 {[%clk 1:26:25]} 11. f3 {[%clk 1:19:46]} 11... Rad8 {
[%clk 1:20:33]} 12. Bd2 {[%clk 1:19:28]} 12... Rfe8 {[%clk 1:11:03]} 13. fxg4 {
[%clk 1:13:39]} 13... Bxc3 {[%clk 1:10:00]} 14. bxc3 {[%clk 1:13:38]} 14... Ne4
{[%clk 1:10:16]} 15. O-O {[%clk 1:13:34]} 15... Nxd2 {[%clk 1:09:19]} 16. Re1 {
[%clk 1:10:39]} 16... Qe3+ {[%clk 1:07:44]} 17. Kh1 {[%clk 1:10:57]} 17... Ne4
{[%clk 1:08:07]} 18. Rf1 {[%clk 1:09:12]} 18... Rxd1 {[%clk 1:08:22]} 19. Raxd1
{[%clk 1:09:35]} 19... Nf2+ {[%clk 1:08:09]} 20. Rxf2 {[%clk 1:09:56]} 20...
Qxf2 {[%clk 1:08:33]} 21. h3 {[%clk 1:10:15]} 21... Qxe2 {[%clk 1:08:54]} 22.
Rd7 {[%clk 1:10:30]} 22... Qf1+ {[%clk 1:09:12]} 23. Kh2 {[%clk 1:10:56]} 23...
Qf4+ {[%clk 1:09:36]} 24. g3 {[%clk 1:11:14]} 24... Qf2+ {[%clk 1:09:59]} 0-1